|
|
|
|
| LEADER |
07578nam a2200769 4500 |
| 008 |
710521s1971 njua b 001 0 eng |
| 010 |
|
|
|a 75142120
|
| 020 |
|
|
|a 0135367972
|
| 020 |
|
|
|a 8120302702
|
| 082 |
0 |
0 |
|a 512/.5
|
| 084 |
|
|
|2 msc
|a 15
|
| 100 |
1 |
|
|a Hoffman, Kenneth.
|
| 245 |
0 |
0 |
|a Linear algebra
|c [by] Kenneth Hoffman [and] Ray Kunze.
|
| 250 |
|
|
|a 2d ed.
|
| 260 |
|
|
|a Englewood Cliffs, N.J.,
|b Prentice-Hall
|c [1971]
|
| 300 |
|
|
|a viii, 407 p.
|b illus.
|c 25 cm.
|
| 350 |
|
|
|a $12.50
|
| 504 |
|
|
|a Bibliography: p. 400.
|
| 650 |
|
0 |
|a Algebras, Linear.
|
| 700 |
1 |
|
|a Kunze, Ray Alden,
|e joint author.
|
| 906 |
|
|
|a 7
|b cbc
|c orignew
|d 2
|e ncip
|f 19
|g y-gencatlg
|
| 942 |
|
|
|c BK
|
| 999 |
|
|
|c 135523
|d 135523
|
| 952 |
|
|
|0 0
|1 0
|4 0
|6 15_000000000000000_HOF
|7 0
|9 149875
|a MAT
|b MAT
|c GEN
|d 2013-01-04
|i 5831
|l 12
|m 12
|o 15 HOF
|p MAT5831
|r 2021-11-29
|s 2021-08-12
|w 2013-01-04
|y BK
|
| 952 |
|
|
|0 0
|1 0
|4 0
|6 15_000000000000000_HOF
|7 0
|9 149876
|a MAT
|b MAT
|c GEN
|d 2013-01-04
|i 5832
|l 14
|m 8
|o 15 HOF
|p MAT5832
|r 2021-12-07
|s 2021-10-25
|w 2013-01-04
|y BK
|
| 952 |
|
|
|0 0
|1 0
|4 0
|6 15_000000000000000_HOF
|7 0
|9 149877
|a MAT
|b MAT
|c GEN
|d 2013-01-04
|i 5833
|l 10
|m 10
|o 15 HOF
|p MAT5833
|r 2021-11-29
|s 2021-04-17
|w 2013-01-04
|y BK
|
| 952 |
|
|
|0 0
|1 0
|4 0
|6 15_000000000000000_HOF
|7 0
|9 149878
|a MAT
|b MAT
|c GEN
|d 2013-01-04
|i 5834
|l 9
|m 5
|o 15 HOF
|p MAT5834
|r 2021-11-08
|s 2020-06-29
|w 2013-01-04
|y BK
|
| 952 |
|
|
|0 0
|1 0
|4 0
|6 15_000000000000000_HOF
|7 0
|9 149879
|a MAT
|b MAT
|c ST1
|d 2013-07-18
|i 6375
|l 10
|m 9
|o 15 HOF
|p MAT6375
|r 2020-01-21
|s 2019-07-04
|w 2013-08-01
|y BK
|
| 952 |
|
|
|0 0
|1 0
|4 0
|6 15_000000000000000_HOF
|7 0
|9 149880
|a MAT
|b MAT
|c GEN
|d 2013-01-10
|i G611
|l 11
|m 10
|o 15 HOF
|p MATG611
|r 2021-12-07
|s 2021-09-02
|w 2013-01-10
|y BK
|
| 952 |
|
|
|0 0
|1 0
|4 0
|6 15_000000000000000_HOF
|7 0
|9 149881
|a MAT
|b MAT
|c GEN
|d 2013-01-18
|i 4782
|l 12
|m 10
|o 15 HOF
|p MAT4782
|r 2021-12-07
|s 2021-08-24
|w 2013-01-18
|y BK
|
| 952 |
|
|
|0 0
|1 0
|4 0
|6 15_000000000000000_HOF
|7 0
|9 149882
|a MAT
|b MAT
|c GEN
|d 2013-01-18
|i 4703
|l 8
|m 8
|o 15 HOF
|p MAT4703
|r 2020-01-15
|s 2019-12-09
|w 2013-01-18
|y BK
|
| 952 |
|
|
|0 0
|1 0
|4 0
|6 15_000000000000000_HOF
|7 0
|9 149883
|a MAT
|b MAT
|c GEN
|d 2013-01-18
|i 4002
|l 12
|m 7
|o 15 HOF
|p MAT4002
|r 2021-12-14
|s 2021-08-17
|w 2013-01-18
|y BK
|
| 952 |
|
|
|0 0
|1 0
|4 0
|6 15_000000000000000_HOF
|7 0
|9 149884
|a MAT
|b MAT
|c GEN
|d 2013-01-18
|i 4003
|l 12
|m 11
|o 15 HOF
|p MAT4003
|r 2021-12-13
|s 2021-03-08
|w 2013-01-18
|y BK
|
| 952 |
|
|
|0 0
|1 0
|4 0
|6 15_000000000000000_HOF
|7 0
|9 149885
|a MAT
|b MAT
|c GEN
|d 2013-01-18
|i 3745
|l 7
|m 9
|o 15 HOF
|p MAT3745
|r 2020-01-16
|s 2019-08-07
|w 2013-08-01
|y BK
|
| 952 |
|
|
|0 0
|1 0
|4 0
|6 15_000000000000000_HOF
|7 0
|9 149886
|a MAT
|b MAT
|c ST1
|d 2013-01-18
|i 3746
|l 8
|m 4
|o 15 HOF
|p MAT3746
|r 2019-07-10
|s 2019-07-10
|w 2018-08-20
|y BK
|
| 952 |
|
|
|0 0
|1 0
|4 0
|6 15_000000000000000_HOF
|7 0
|9 149887
|a MAT
|b MAT
|c ST1
|d 2013-01-18
|i 3747
|l 9
|m 4
|o 15 HOF
|p MAT3747
|q 2019-10-03
|r 2019-09-03
|s 2019-09-03
|w 2013-01-18
|y BK
|
| 952 |
|
|
|0 0
|1 0
|4 0
|6 15_000000000000000_HOF
|7 0
|9 149888
|a MAT
|b MAT
|c ST1
|d 2013-01-18
|i 3748
|l 7
|m 8
|o 15 HOF
|p MAT3748
|r 2021-12-07
|s 2021-08-25
|w 2013-08-01
|y BK
|
| 952 |
|
|
|0 0
|1 0
|4 0
|6 15_000000000000000_HOF
|7 0
|9 149889
|a MAT
|b MAT
|c GEN
|d 2013-01-18
|i 3210
|l 6
|o 15 HOF
|p MAT3210
|q 2015-11-07
|r 2018-08-21
|s 2018-08-21
|w 2013-01-18
|y BK
|
| 952 |
|
|
|0 0
|1 0
|4 0
|6 15_000000000000000_HOF
|7 0
|9 149890
|a MAT
|b MAT
|c GEN
|d 2013-01-23
|i 2834
|l 11
|m 8
|o 15 HOF
|p MAT2834
|q 2021-09-23
|r 2021-08-24
|s 2021-08-24
|w 2013-01-23
|y BK
|
| 952 |
|
|
|0 0
|1 0
|4 0
|6 15_000000000000000_HOF
|7 0
|9 149891
|a MAT
|b MAT
|c GEN
|d 2013-01-23
|i 2835
|l 10
|m 6
|o 15 HOF
|p MAT2835
|q 2021-09-17
|r 2021-08-18
|s 2021-08-18
|w 2013-01-23
|y BK
|
| 952 |
|
|
|0 0
|1 0
|4 0
|6 15_000000000000000_HOF
|7 0
|9 149892
|a MAT
|b MAT
|c GEN
|d 2013-01-23
|i 2836
|l 12
|m 10
|o 15 HOF
|p MAT2836
|q 2021-08-15
|r 2021-07-16
|s 2021-07-16
|w 2013-01-23
|y BK
|
| 952 |
|
|
|0 0
|1 0
|4 0
|6 15_000000000000000_HOF
|7 0
|9 149893
|a MAT
|b MAT
|c GEN
|d 2013-01-23
|i 2810
|l 5
|o 15 HOF
|p MAT2810
|q 2021-09-24
|r 2021-08-25
|s 2021-08-25
|w 2013-01-23
|y BK
|
| 952 |
|
|
|0 0
|1 0
|4 0
|6 15_000000000000000_HOF
|7 0
|9 149894
|a MAT
|b MAT
|c GEN
|d 2013-01-23
|i 2716
|l 9
|m 5
|o 15 HOF
|p MAT2716
|q 2021-10-06
|r 2021-09-06
|s 2021-09-06
|w 2013-01-23
|y BK
|
| 952 |
|
|
|0 0
|1 0
|4 0
|6 15_000000000000000_HOF
|7 0
|9 149895
|a MAT
|b MAT
|c GEN
|d 2013-01-23
|i 2717
|l 12
|m 12
|o 15 HOF
|p MAT2717
|r 2021-12-14
|s 2021-08-17
|w 2013-01-23
|y BK
|
| 952 |
|
|
|0 0
|1 0
|4 0
|6 15_000000000000000_HOF
|7 0
|9 149896
|a MAT
|b MAT
|c GEN
|d 2013-01-23
|i 2718
|l 4
|o 15 HOF
|p MAT2718
|r 2016-10-04
|s 2015-11-18
|w 2013-08-01
|y BK
|
| 952 |
|
|
|0 0
|1 0
|4 0
|6 15_000000000000000_HOF
|7 0
|9 149897
|a MAT
|b MAT
|c GEN
|d 2013-01-23
|i 2719
|l 9
|m 7
|o 15 HOF
|p MAT2719
|q 2021-09-23
|r 2021-08-24
|s 2021-08-24
|w 2013-01-23
|y BK
|
| 952 |
|
|
|0 0
|1 0
|4 0
|6 15_000000000000000_HOF
|7 0
|9 149898
|a MAT
|b MAT
|c GEN
|d 2013-01-25
|i 2093
|l 6
|m 3
|o 15 HOF
|p MAT2093
|r 2018-08-29
|s 2018-08-21
|w 2013-08-01
|y BK
|
| 952 |
|
|
|0 0
|1 0
|4 0
|6 15_000000000000000_HOF
|7 0
|9 149899
|a MAT
|b MAT
|c GEN
|d 2013-01-25
|i 2094
|l 2
|o 15 HOF
|p MAT2094
|r 2017-11-21
|s 2014-07-15
|w 2013-08-01
|y BK
|
| 952 |
|
|
|0 0
|1 0
|4 0
|6 15_000000000000000_HOF
|7 0
|9 149900
|a MAT
|b MAT
|c ST1
|d 2013-10-07
|i 6376
|l 9
|m 2
|o 15 HOF
|p MAT6376
|q 2017-10-11
|r 2018-08-21
|s 2018-08-21
|v 225.00
|w 2013-10-07
|y BK
|
| 952 |
|
|
|0 0
|1 0
|4 0
|6 15_000000000000000_HOF
|7 0
|9 149901
|a MAT
|b MAT
|c ST1
|d 2013-10-07
|i 6377
|l 5
|m 5
|o 15 HOF
|p MAT6377
|r 2019-12-06
|s 2019-07-04
|v 225.00
|w 2013-10-07
|y BK
|
| 952 |
|
|
|0 0
|1 0
|4 0
|6 15_000000000000000_HOF
|7 0
|9 149902
|a MAT
|b MAT
|c ST1
|d 2013-10-07
|i 6378
|l 11
|m 12
|o 15 HOF
|p MAT6378
|q 2021-11-19
|r 2021-08-18
|s 2021-08-18
|v 225.00
|w 2013-10-07
|y BK
|
| 952 |
|
|
|0 0
|1 0
|4 0
|6 15_000000000000000_HOF
|7 0
|9 149903
|a MAT
|b MAT
|c ST1
|d 2013-10-07
|i 6379
|l 11
|m 8
|o 15 HOF
|p MAT6379
|r 2021-12-07
|s 2021-10-25
|v 225.00
|w 2013-10-07
|y BK
|
| 952 |
|
|
|0 0
|1 0
|4 0
|6 15_000000000000000_HOF
|7 0
|9 149904
|a MAT
|b MAT
|c ST1
|d 2013-10-07
|i 6380
|l 11
|m 7
|o 15 HOF
|p MAT6380
|r 2021-12-13
|s 2021-07-14
|v 225.00
|w 2013-10-07
|y BK
|
| 952 |
|
|
|0 0
|1 0
|4 0
|6 15_000000000000000_HOF
|7 0
|9 149905
|a MAT
|b MAT
|c ST1
|d 2013-10-07
|i 6381
|l 11
|m 6
|o 15 HOF
|p MAT6381
|q 2021-11-06
|r 2021-08-18
|s 2021-08-18
|v 225.00
|w 2013-10-07
|y BK
|
| 952 |
|
|
|0 0
|1 0
|4 0
|6 15_000000000000000_HOF
|7 0
|9 149906
|a MAT
|b MAT
|c ST1
|d 2013-10-07
|i 6382
|l 8
|m 8
|o 15 HOF
|p MAT6382
|r 2019-10-11
|s 2019-07-04
|v 225.00
|w 2013-10-07
|y BK
|
| 952 |
|
|
|0 0
|1 0
|4 0
|6 15_000000000000000_HOF
|7 0
|9 149907
|a MAT
|b MAT
|c ST1
|d 2013-10-07
|i 6383
|l 7
|m 4
|o 15 HOF
|p MAT6383
|q 2017-03-18
|r 2018-08-21
|s 2018-08-21
|v 225.00
|w 2013-10-07
|y BK
|
| 952 |
|
|
|0 0
|1 0
|4 0
|6 15_000000000000000_HOF
|7 0
|9 149908
|a MAT
|b MAT
|c ST1
|d 2013-10-07
|i 6384
|l 11
|m 4
|o 15 HOF
|p MAT6384
|q 2021-11-07
|r 2021-10-08
|s 2021-10-08
|v 225.00
|w 2013-10-07
|y BK
|
| 952 |
|
|
|0 0
|1 0
|2 ddc
|4 0
|6 15_000000000000000_HOF
|7 0
|9 383381
|a MAT
|b MAT
|c ST1
|d 2019-05-10
|i 5948
|o 15 HOF
|p MAT5948
|r 2019-05-10
|y BK
|
| 952 |
|
|
|0 0
|1 0
|2 ddc
|4 0
|6 15_000000000000000_HOF
|7 0
|9 383382
|a MAT
|b MAT
|c ST1
|d 2019-05-10
|i 5949
|o 15 HOF
|p MAT5949
|r 2019-05-10
|y BK
|
| 952 |
|
|
|0 0
|1 0
|2 ddc
|4 0
|6 512_000000000000000__5
|7 0
|9 383383
|a MAT
|b MAT
|c ST1
|d 2019-05-10
|i 5950
|l 1
|o 512/.5
|p MAT5950
|q 2021-09-11
|r 2021-08-12
|s 2021-08-12
|w 2019-05-10
|y BK
|
| 952 |
|
|
|0 0
|1 0
|2 ddc
|4 0
|6 15_000000000000000_HOF
|7 0
|9 383384
|a MAT
|b MAT
|c ST1
|d 2019-05-10
|i 5951
|l 1
|o 15 HOF
|p MAT5951
|r 2021-12-14
|s 2021-09-02
|y BK
|
| 952 |
|
|
|0 0
|1 0
|2 ddc
|4 0
|6 15_000000000000000_HOF
|7 0
|9 383385
|a MAT
|b MAT
|c ST1
|d 2019-05-10
|i 5952
|l 3
|m 2
|o 15 HOF
|p MAT5952
|r 2021-12-07
|s 2021-10-23
|y BK
|
| 952 |
|
|
|0 0
|1 0
|2 ddc
|4 0
|6 15_000000000000000_HOF
|7 0
|9 383386
|a MAT
|b MAT
|c ST1
|d 2019-05-10
|i 5943
|o 15 HOF
|p MAT5943
|r 2019-05-10
|y BK
|
| 952 |
|
|
|0 0
|1 0
|2 ddc
|4 0
|6 15_000000000000000_HOF
|7 0
|9 383387
|a MAT
|b MAT
|c ST1
|d 2019-05-10
|i 5944
|o 15 HOF
|p MAT5944
|r 2019-05-10
|y BK
|
| 952 |
|
|
|0 0
|1 0
|2 ddc
|4 0
|6 15_000000000000000_HOF
|7 0
|9 383388
|a MAT
|b MAT
|c ST1
|d 2019-05-10
|i 5945
|o 15 HOF
|p MAT5945
|r 2019-05-10
|y BK
|
| 952 |
|
|
|0 0
|1 0
|2 ddc
|4 0
|6 15_000000000000000_HOF
|7 0
|9 383389
|a MAT
|b MAT
|c ST1
|d 2019-05-10
|i 5946
|o 15 HOF
|p MAT5946
|r 2019-05-10
|y BK
|
| 952 |
|
|
|0 0
|1 0
|2 ddc
|4 0
|6 15_000000000000000_HOF
|7 0
|9 383390
|a MAT
|b MAT
|c ST1
|d 2019-05-10
|i 5947
|o 15 HOF
|p MAT5947
|r 2019-05-10
|y BK
|